00263nam a22001097a 4500082001300000100001300013245003800026260004300064300001300107650002000120700001300140 a891.4393 aAltamash aDastaan eman faroshon ki part 4 5 aLahore,bIlm o irfan publishersc2011. a488 p. : aUrdu literature aAltamash